NAN NÜ.

محفوظ في:

التنسيق: دورية

اللغة: Undetermined

الموضوعات:

الوصول للمادة أونلاين: Login to view Source

الوسوم: إضافة وسم

لا توجد وسوم, كن أول من يضع وسما على هذه التسجيلة!

رقم الطلب:

LEADER 00507nms a2200181Ia 4500
005 20240402055622.0
008 240131s9999||||xx |||||||||||||||||und||
999 |c 56508  |d 56508 
022 |a 1387-6805 
022 |a 1568-5268 
245 0 0 |a NAN NÜ. 
336 |2 rdacontent  |a text  |b txt 
337 |2 rdamedia  |a unmediated  |b n 
338 |2 rdacarrier  |a volume  |b n 
500 |a BRILLBRILLJ 
650 4 |a Gender studies, gender groups. 
856 |z NANU  |u https://brill.com/view/journals/nanu/nanu-overview.xml 
942 |2 lcc  |c EJL